'Port' Capitals Quiz Stats

 Plays Quiz not verified by Sporcle

Challenge
Share
Tweet
Score 0/6 Timer 02:00
0 Plays Today
Capital % Correct
Port-au-Prince
84.3%
Port Moresby
77.3%
Port of Spain
76.5%
Porto-Novo
56.2%
Port Louis
55.9%
Port Vila
50.6%

You're not logged in!

Compare scores with friends on all Sporcle quizzes.
OR
Log In

You Might Also Like...

Show Comments

Extras

Editor's Pick Sep 1, 2014ReportNominate
Tags:Capital Quiz, City Quiz, Country Quiz, port

Top Quizzes Today


Score Distribution

Your Account Isn't Verified!

In order to create a playlist on Sporcle, you need to verify the email address you used during registration. Go to your Sporcle Settings to finish the process.

Report this User

Report this user for behavior that violates our Community Guidelines.

Details: